Другари (Запис номер 174522)
[ съкратено ]
| 000 -Лидер | |
|---|---|
| Контролно поле с фиксирана дължина | nam a22 a 4500 |
| 003 - Код на организацията, давaща контролен номер | |
| Контролно поле | BLK |
| 005 - Дата и час на последна редакция | |
| Контролно поле | 20220223085249.0 |
| 008 - Елементи от данни с фиксирана дължина | |
| fixed length control field | 180411b bul|||||r ||||||| ||bul|| |
| 040 ## - Източник на каталожния запис | |
| Идентификатор на билиотеката - собственик на записа | BLK |
| 041 ## - Код за език | |
| Код за езика на текст/звукозапис или на отделно заглавие | Български |
| Код за езика КДБФ | Български |
| 080 ## - УДК | |
| Текстов определител УДК | Немска литература |
| УДК код - определител по УДК | 821.112.2 |
| УДК определител | -32 |
| УДК - код + определител | 821.112.2-32 |
| 100 1# - Редна дума - Автор | |
| Автор | Фюман, Франц |
| Авторска отговорност | първи автор |
| R(LIN) | 135285 |
| 139 ## - Редно поле | |
| Редна дума | Фюман, Франц |
| Авторски знак | Фю - Ф 99 |
| 245 10 - Сведения за заглавието | |
| Заглавие | Другари |
| Подзаглавни данни | Новела |
| Редно поле (дума) | Франц Фюман; прев. от нем. Христина Николова; худож. Константин Атанасов Джидров. |
| 257 ## - Страна на издаване | |
| Страна на създаване/издаване | Германия |
| 260 ## - Област на издателските данни | |
| Име на издателя, разпространителя и проч. | Нар. младеж |
| Година на издаване | 1963 |
| Място на издаване, разпространение и проч. | София |
| 300 ## - Физическа характеристика | |
| Страници | 52 с. |
| Илюстрации и др. | с ил. |
| Размери/Мащаб | 22 см |
| 380 ## - Жанр | |
| Жанр | Худож. лит. |
| 500 ## - Общи забележки | |
| Забележка | 10 100 тир. |
| 700 1# - Други автори (авторска отговорност) | |
| Лично име | Николова, Христина |
| Автороска отговорност (Описва отношението между автора и произведението) | прев. от нем. |
| 9 (RLIN) | 383132 |
| 700 1# - Други автори (авторска отговорност) | |
| Лично име | Джидров, Константин Атанасов |
| Автороска отговорност (Описва отношението между автора и произведението) | худож. |
| 9 (RLIN) | 339789 |
| 852 ## - Местоположение | |
| Форматна сигнатура | Цб 25067 |
| Фондова буква | Хранилище |
| 856 4# - Електронен адрес и достъп | |
| Електронен формат | pdf - файл |
| 856 4# - Електронен адрес и достъп | |
| Електронен формат | pdf - файл |
| 999 ## - СИСТЕМНИ КОНТРОЛНИ НОМЕРА | |
| Koha biblionumber | 174522 |
| Koha biblioitemnumber | 174522 |
| 942 ## - АРТИКУЛИ | |
| Вид на библиотечния материал | Книги |
| Скрит в OPAC | Не |
| Периодичен библиозапис | Да |
| 944 ## - СЪЗДАВАНЕ И РЕДАКЦИЯ на ЗАПИСА | |
| Създаване/Редакция | Създаване |
| Дата на регистрацията/редакция | 30.09.2015 |
| Служител, извършил регистрацията/редакцията | Кина_Георгиева |
| 944 ## - СЪЗДАВАНЕ И РЕДАКЦИЯ на ЗАПИСА | |
| Създаване/Редакция | Редакция |
| Дата на регистрацията/редакция | 25.09.2017 |
| Служител, извършил регистрацията/редакцията | Вася_Ганчева |
| 944 ## - СЪЗДАВАНЕ И РЕДАКЦИЯ на ЗАПИСА | |
| Създаване/Редакция | Редакция |
| Дата на регистрацията/редакция | 2022-02-23 |
| Служител, извършил регистрацията/редакцията | СТ |
| 999 ## - СИСТЕМНИ КОНТРОЛНИ НОМЕРА | |
| Koha biblioitemnumber | 174522 |
| Код за отписване | Код за изгубен артикул | Източник на класификационната схема | Код за повреда | Коз за рестрикции | Код за отдаване | Артикулен № | Име на библиотеката - собственик | Име на библиотеката, в която се намира в момента | Статус (Текущо местоположение) | Дата на вписване в системата | Местоположение - отдел | Цена в лева | Инвентарен номер | Систематично азбучна сигнатура | Баркод | Номер на екземпляра | Цена в евро | Служебна бележка | Служебен тип на артикула | Бележка за публиката |
|---|---|---|---|---|---|---|---|---|---|---|---|---|---|---|---|---|---|---|---|---|
| Не е изгубен | Universal Decimal Classification | Не е повреден | без рестрикции | ползва се в читалня | 299654 | Регионална библиотека "Любен Каравелов" Русе | Регионална библиотека "Любен Каравелов" Русе | Хранилище | 1963-01-01 | Хранилище | 0.12 | 20151/62 | Цб 25067 | 900000090305 | 1 | 0.06 | N: стар фонд Дата: 01.01.1963 | Книги | ||
| Изтеглен | Не е изгубен | Universal Decimal Classification | Не е повреден | без рестрикции | заемане за дома | 299655 | Регионална библиотека "Любен Каравелов" Русе | Регионална библиотека "Любен Каравелов" Русе | Заемна - подръчен фонд | 1963-01-01 | Заемна - подръчен фонд | 0.12 | 21096/62 | П 830-32/Ф 99 | 21096/62 | 2 | 0.06 | N: стар фонд Дата: 01.01.1963 | Книги | |
| Изтеглен | Не е изгубен | Universal Decimal Classification | Не е повреден | без рестрикции | заемане за дома | 299656 | Регионална библиотека "Любен Каравелов" Русе | Регионална библиотека "Любен Каравелов" Русе | Заемна - подръчен фонд | 1963-01-01 | Заемна - подръчен фонд | 0.12 | 21095/62 | П 830-32/Ф 99 | 21095/62 | 3 | 0.06 | N: стар фонд Дата: 01.01.1963 | Книги | |
| Изтеглен | Не е изгубен | Не е повреден | без рестрикции | заемане за дома | 299657 | Регионална библиотека "Любен Каравелов" Русе | Регионална библиотека "Любен Каравелов" Русе | 1963-01-01 | Детски отдел | 0.12 | 21011/62 | ДХ 820/899/Ф 99 | 21011/62 | 4 | 0.06 | N: стар фонд Дата: 01.01.1963 Дата инв: 07.10.2015 Бележки инв: Д2015 | Книги | Отч.N: 34/2017 , Дата: 05.09.2017 |